[Event "Titled Tuesday intern op 06th May Early"]
[Site "Chess.com INT"]
[Date "2025.05.06"]
[Round "9"]
[White "Andrews, Todd D"]
[Black "Nimmy, A George"]
[Result "1-0"]
[WhiteElo "2097"]
[BlackElo "1990"]
[PlyCount "59"]
[EventDate "2025.05.06"]
[EventType "swiss (blitz)"]
[EventRounds "11"]
[EventCountry "USA"]
[SourceTitle "CB20_2025"]
[SourceDate "2025.05.14"]
[SourceVersion "1"]
[SourceVersionDate "2025.05.14"]
[SourceQuality "1"]

1. e4 c5 2. Nf3 d6 3. d4 cxd4 4. Nxd4 Nf6 5. Nc3 Nc6 6. Bc4 Qb6 7. Nb3 e6 8. a4 a6 9. 0-0 Be7 10. Be3 Qc7 11. a5 Nd7 12. Be2 0-0 13. f4 b5 14. axb6 Nxb6 15. Bxb6 Qxb6+ 16. Kh1 Bb7 17. Qe1 Nb4 18. Rc1 Rac8 19. Qd2 Rfd8 20. f5 e5 21. Rf3 h6 22. f6 Bxf6 23. Rxf6 gxf6 24. Qxh6 d5 25. Bg4 Rc6 26. Bf5 Qc7 27. Rf1 dxe4 28. Nxe4 Qe7 29. Qh7+ Kf8 30. Qh8# 1-0

[Event "Titled Tuesday intern op 06th May Early"]
[Site "Chess.com INT"]
[Date "2025.05.06"]
[Round "5"]
[White "Nimmy, A George"]
[Black "Maiorov, Nikita"]
[Result "0-1"]
[WhiteElo "1990"]
[BlackElo "2472"]
[PlyCount "54"]
[EventDate "2025.05.06"]
[EventType "swiss (blitz)"]
[EventRounds "11"]
[EventCountry "USA"]
[SourceTitle "CB20_2025"]
[SourceDate "2025.05.14"]
[SourceVersion "1"]
[SourceVersionDate "2025.05.14"]
[SourceQuality "1"]

1. e4 e6 2. d4 d5 3. exd5 exd5 4. Bd3 Nf6 5. Bg5 c5 6. c3 Nc6 7. Nf3 Bd6 8. 0-0 0-0 9. dxc5 Bxc5 10. Nbd2 h6 11. Bh4 Bb6 12. Nb3 g5 13. Bg3 Ne4 14. c4 dxc4 15. Bxe4 Qxd1 16. Rfxd1 cxb3 17. axb3 Be6 18. Ne5 f5 19. Nxc6 bxc6 20. Rd6 Kf7 21. Bxc6 f4 22. Bxa8 fxg3 23. hxg3 Bxf2+ 24. Kxf2 Ke7+ 25. Bf3 Kxd6 26. Ra6+ Ke5 27. g4 Rf7 0-1

[Event "Titled Tuesday intern op 06th May Early"]
[Site "Chess.com INT"]
[Date "2025.05.06"]
[Round "11"]
[White "Nimmy, A George"]
[Black "Stefanov, Plamen"]
[Result "1-0"]
[WhiteElo "1990"]
[BlackElo "1982"]
[PlyCount "75"]
[EventDate "2025.05.06"]
[EventType "swiss (blitz)"]
[EventRounds "11"]
[EventCountry "USA"]
[SourceTitle "CB20_2025"]
[SourceDate "2025.05.14"]
[SourceVersion "1"]
[SourceVersionDate "2025.05.14"]
[SourceQuality "1"]

1. e4 d5 2. exd5 Nf6 3. Bb5+ Bd7 4. Bc4 Bg4 5. f3 Bc8 6. Nc3 Nbd7 7. Nge2 Nb6 8. Bb5+ Bd7 9. Bxd7+ Qxd7 10. 0-0 Nfxd5 11. d4 e6 12. Kh1 Be7 13. Ne4 0-0 14. b3 Nf6 15. Bb2 Rfd8 16. Qe1 Nbd5 17. Qf2 a5 18. a3 a4 19. c4 Nb6 20. c5 Nbd5 21. b4 Qb5 22. Rfd1 b6 23. Rac1 bxc5 24. Nxc5 Nxb4 25. axb4 Qxb4 26. Bc3 Qc4 27. Ba5 Qxc1 28. Rxc1 Rxa5 29. Nb7 Rb5 30. Nxd8 Bxd8 31. Nc3 Rb3 32. Qa2 h6 33. Qxa4 Rb8 34. Qa7 Rb2 35. Qa8 Nh5 36. Qxd8+ Kh7 37. Qh4 g6 38. Qe4 1-0

[Event "Titled Tuesday intern op 06th May Early"]
[Site "Chess.com INT"]
[Date "2025.05.06"]
[Round "6"]
[White "Pein, Jonathan"]
[Black "Nimmy, A George"]
[Result "1-0"]
[WhiteElo "2237"]
[BlackElo "1990"]
[PlyCount "59"]
[EventDate "2025.05.06"]
[EventType "swiss (blitz)"]
[EventRounds "11"]
[EventCountry "USA"]
[SourceTitle "CB20_2025"]
[SourceDate "2025.05.14"]
[SourceVersion "1"]
[SourceVersionDate "2025.05.14"]
[SourceQuality "1"]

1. b3 d5 2. Bb2 Nf6 3. Nf3 c6 4. e3 Bf5 5. d4 Nbd7 6. Bd3 Bxd3 7. Qxd3 e6 8. Nbd2 Bd6 9. Ne5 0-0 10. f4 Qe7 11. 0-0 Rac8 12. Rf3 c5 13. Rh3 h6 14. c4 cxd4 15. exd4 dxc4 16. bxc4 Rfd8 17. Qg3 Bb4 18. Nf1 Ne4 19. Qe3 Nxe5 20. fxe5 Ng5 21. Rg3 Rxc4 22. h4 Rc2 23. Qb3 Ne4 24. Qxc2 Nxg3 25. Nxg3 Qxh4 26. Qf2 Rc8 27. Rf1 Rc7 28. a3 Be7 29. d5 exd5 30. Nf5 1-0

[Event "Titled Tuesday intern op 01st Apr Early"]
[Site "Chess.com INT"]
[Date "2025.04.01"]
[Round "7"]
[White "Nimmy, A George"]
[Black "Brod, Manfred"]
[Result "1-0"]
[WhiteElo "2035"]
[BlackElo "2105"]
[PlyCount "63"]
[EventDate "2025.04.01"]
[EventType "swiss (blitz)"]
[EventRounds "11"]
[EventCountry "USA"]
[SourceTitle "CB15_2025"]
[SourceDate "2025.04.09"]
[SourceVersion "1"]
[SourceVersionDate "2025.04.09"]
[SourceQuality "1"]

1. e4 e6 2. d4 d5 3. exd5 exd5 4. Bd3 Nc6 5. c3 Bd6 6. Nf3 Nge7 7. 0-0 Bg4 8. Re1 Qd7 9. Nbd2 f6 10. b4 0-0 11. b5 Na5 12. a4 Bf5 13. Nf1 Rfe8 14. Rb1 Bxd3 15. Qxd3 Qf5 16. Qxf5 Nxf5 17. Ne3 Nxe3 18. Bxe3 Nc4 19. Nd2 Nxd2 20. Bxd2 Kf7 21. Kf1 Rxe1+ 22. Kxe1 Re8+ 23. Kf1 f5 24. a5 Re7 25. Rc1 c6 26. bxc6 bxc6 27. c4 Rb7 28. cxd5 cxd5 29. Rc6 Ke7 30. Ke2 Kd7 31. Rc2 Bb4 32. Rb2 1-0

[Event "Titled Tuesday intern op 01st Apr Early"]
[Site "Chess.com INT"]
[Date "2025.04.01"]
[Round "11"]
[White "Nimmy, A George"]
[Black "Rose, Felix"]
[Result "0-1"]
[WhiteElo "2035"]
[BlackElo "2093"]
[PlyCount "82"]
[EventDate "2025.04.01"]
[EventType "swiss (blitz)"]
[EventRounds "11"]
[EventCountry "USA"]
[SourceTitle "CB15_2025"]
[SourceDate "2025.04.09"]
[SourceVersion "1"]
[SourceVersionDate "2025.04.09"]
[SourceQuality "1"]

1. e4 c5 2. Nf3 d6 3. d4 cxd4 4. Nxd4 Nf6 5. Nc3 a6 6. Be3 e5 7. Nb3 Be7 8. Be2 Be6 9. 0-0 Nbd7 10. f4 Rc8 11. Kh1 exf4 12. Bxf4 0-0 13. Bxd6 Bxd6 14. Qxd6 Rc6 15. Qg3 b5 16. Nd4 Rd6 17. Qxd6 b4 18. Nxe6 fxe6 19. Qxe6+ Kh8 20. Nd5 Re8 21. Qd6 Nxe4 22. Qf4 Ndc5 23. Nxb4 Nf6 24. Bd3 a5 25. Nc6 Qd5 26. Nxa5 Nxd3 27. cxd3 Qxa5 28. Rad1 Qxa2 29. d4 h6 30. b4 Nd5 31. Qf7 Rb8 32. h3 Rxb4 33. Rf5 Qc2 34. Rdf1 Ne3 35. Qe8+ Kh7 36. Qxe3 Rb1 37. Rxb1 Qxb1+ 38. Kh2 Qxf5 39. Qd2 Qd5 40. Qd3+ Kh8 41. Qe3 Qd6+ 0-1

[Event "Titled Tuesday intern op 14th Jan Early"]
[Site "Chess.com INT"]
[Date "2025.01.14"]
[Round "2"]
[White "Nimmy, A George"]
[Black "Obregon Garcia, Roxangel"]
[Result "0-1"]
[WhiteElo "2034"]
[BlackElo "2108"]
[PlyCount "76"]
[EventDate "2025.01.14"]
[EventType "swiss (blitz)"]
[EventRounds "11"]
[EventCountry "USA"]
[SourceTitle "CB04_2025"]
[SourceDate "2025.01.22"]
[SourceVersion "1"]
[SourceVersionDate "2025.01.22"]
[SourceQuality "1"]

1. e4 c5 2. Nf3 d6 3. d4 cxd4 4. Nxd4 Nf6 5. Nc3 a6 6. Be2 e5 7. Nb3 Be7 8. 0-0 0-0 9. f4 Nc6 10. Kh1 b5 11. a3 Be6 12. Bf3 Bxb3 13. cxb3 Nd4 14. Be3 Nxf3 15. Qxf3 Kh8 16. Rad1 Qc7 17. Bf2 Rac8 18. Bh4 exf4 19. Qxf4 Nh5 20. Qg4 Bxh4 21. Qxh4 g6 22. g4 Ng7 23. Rf3 Qd8 24. Qh6 Ne6 25. Rh3 Ng5 26. Rhd3 Qf6 27. Nd5 Qe5 28. Nc3 Rxc3 29. bxc3 Qxe4+ 30. Kg1 Qxg4+ 31. Kf2 Re8 32. R1d2 Qf4+ 33. Kg2 Qe4+ 34. Kf2 Qf5+ 35. Kg2 Qg4+ 36. Rg3 Qe4+ 37. Kg1 Qe1+ 38. Kg2 Qxd2+ 0-1

[Event "Titled Tuesday intern op 14th Jan Early"]
[Site "Chess.com INT"]
[Date "2025.01.14"]
[Round "1"]
[White "Nimmy, A George"]
[Black "Reprintsev, Alexander"]
[Result "0-1"]
[WhiteElo "2034"]
[BlackElo "2218"]
[PlyCount "82"]
[EventDate "2025.01.14"]
[EventType "swiss (blitz)"]
[EventRounds "11"]
[EventCountry "USA"]
[SourceTitle "CB04_2025"]
[SourceDate "2025.01.22"]
[SourceVersion "1"]
[SourceVersionDate "2025.01.22"]
[SourceQuality "1"]

1. e4 d5 2. exd5 Qxd5 3. Nc3 Qd6 4. d4 Nf6 5. Nf3 g6 6. Be2 Bg7 7. 0-0 0-0 8. h3 a6 9. Be3 b5 10. a3 Bb7 11. Qd2 Rd8 12. Rad1 Nd5 13. Nxd5 Qxd5 14. Bh6 Bf6 15. Qf4 Qd6 16. Ne5 Nd7 17. Ng4 Bh8 18. Bf3 Qxf4 19. Bxf4 Bxf3 20. gxf3 c6 21. Rfe1 e6 22. c3 h5 23. Ne5 Nxe5 24. Bxe5 Bxe5 25. Rxe5 Rd5 26. f4 Rad8 27. Rde1 a5 28. b3 b4 29. axb4 axb4 30. cxb4 Rxd4 31. R5e4 Kf8 32. f3 Ke7 33. Kf2 Rd2+ 34. R1e2 Rxe2+ 35. Kxe2 Rd5 36. Rc4 Kd7 37. Ke3 Kc7 38. Rd4 Kb6 39. Rc4 Kb5 40. h4 Rd1 41. Ke4 Re1+ 0-1

[Event "Titled Tuesday intern op 07th Jan Early"]
[Site "Chess.com INT"]
[Date "2025.01.07"]
[Round "5"]
[White "Nimmy, A George"]
[Black "Gazineu Neto, Rubens"]
[Result "1/2-1/2"]
[WhiteElo "2034"]
[BlackElo "1960"]
[PlyCount "82"]
[EventDate "2025.01.07"]
[EventType "swiss (blitz)"]
[EventRounds "11"]
[EventCountry "USA"]
[SourceTitle "CB03_2025"]
[SourceDate "2025.01.15"]
[SourceVersion "1"]
[SourceVersionDate "2025.01.15"]
[SourceQuality "1"]

1. e4 c5 2. Nf3 Nc6 3. d4 cxd4 4. Nxd4 Nf6 5. Nc3 e5 6. Ndb5 d6 7. Bg5 a6 8. Na3 b5 9. Nd5 Be7 10. Bxf6 Bxf6 11. c4 b4 12. Nc2 a5 13. Be2 Bg5 14. 0-0 0-0 15. Bg4 Be6 16. b3 Kh8 17. Nce3 Nd4 18. Kh1 Bxe3 19. Nxe3 Qg5 20. h3 g6 21. Bxe6 fxe6 22. Nc2 Qf6 23. Qd3 Rad8 24. a3 d5 25. axb4 Nxc2 26. Qxc2 axb4 27. cxd5 exd5 28. exd5 Rxd5 29. Ra7 Rfd8 30. Qc4 Qd6 31. Qh4 Rd7 32. Rxd7 Qxd7 33. Qf6+ Kg8 34. Re1 Rd1 35. Rxd1 Qxd1+ 36. Kh2 Qd4 37. Qe6+ Kg7 38. Kg1 Qd1+ 39. Kh2 Qd4 40. Kg1 Qd1+ 41. Kh2 Qd4 1/2-1/2

[Event "Titled Tuesday intern op 07th Jan Early"]
[Site "Chess.com INT"]
[Date "2025.01.07"]
[Round "3"]
[White "Nimmy, A George"]
[Black "Silva, Lucas"]
[Result "0-1"]
[WhiteElo "2034"]
[BlackElo "2254"]
[PlyCount "58"]
[EventDate "2025.01.07"]
[EventType "swiss (blitz)"]
[EventRounds "11"]
[EventCountry "USA"]
[SourceTitle "CB03_2025"]
[SourceDate "2025.01.15"]
[SourceVersion "1"]
[SourceVersionDate "2025.01.15"]
[SourceQuality "1"]

1. e4 c6 2. d4 d5 3. exd5 cxd5 4. Bd3 Nc6 5. c3 Qc7 6. Nf3 Bg4 7. 0-0 e6 8. Re1 Bd6 9. h3 Bh5 10. Be3 Nge7 11. Nbd2 0-0 12. Bxh7+ Kxh7 13. Ng5+ Kg6 14. g4 Bf4 15. gxh5+ Kh6 16. Qg4 Bxe3 17. Rxe3 Nd8 18. Rg3 Nf5 19. Nxe6 Nxe6 20. Qxf5 Qf4 21. Qd3 Ng5 22. Rg4 Qxd2 23. Qf5 g6 24. hxg6 fxg6 25. Rh4+ Kg7 26. Qe5+ Rf6 27. Qe7+ Nf7 28. Rf1 Qg5+ 29. Rg4 Qf5 0-1

[Event "IND-ch (Women) 50th"]
[Site "Karaikudi"]
[Date "2024.10.09"]
[Round "7"]
[White "Anishka, Vikram"]
[Black "Nimmy, A George"]
[Result "1/2-1/2"]
[WhiteElo "1843"]
[BlackElo "2101"]
[PlyCount "60"]
[EventDate "2024.10.03"]
[EventType "swiss"]
[EventRounds "11"]
[EventCountry "IND"]
[SourceTitle "CB47_2024"]
[SourceDate "2024.11.20"]
[SourceVersion "1"]
[SourceVersionDate "2024.11.20"]
[SourceQuality "1"]

1. d4 d5 2. c4 e6 3. Nc3 c6 4. e3 Nf6 5. Nf3 a6 6. b3 Nbd7 7. Qc2 Bd6 8. Be2 0-0 9. 0-0 Qe7 10. Bb2 e5 11. cxd5 cxd5 12. dxe5 Nxe5 13. Nd4 Neg4 14. Bxg4 Nxg4 15. h3 Qe5 16. Nf3 Qh5 17. hxg4 Bxg4 18. Rfd1 Bxf3 19. gxf3 Qh3 20. f4 Rfe8 21. Ne2 Re6 22. Ng3 Rg6 23. Rxd5 h5 24. Qf5 Rxg3+ 25. fxg3 Qxg3+ 26. Kh1 Qf3+ 27. Kh2 Qf2+ 28. Kh1 Qf3+ 29. Kh2 Qf2+ 30. Kh1 Qf3+ 1/2-1/2

[Event "IND-ch (Women) 50th"]
[Site "Karaikudi"]
[Date "2024.10.08"]
[Round "6"]
[White "Nimmy, A George"]
[Black "Pratyasha, Jena"]
[Result "1-0"]
[WhiteElo "2101"]
[BlackElo "1796"]
[PlyCount "116"]
[EventDate "2024.10.03"]
[EventType "swiss"]
[EventRounds "11"]
[EventCountry "IND"]
[SourceTitle "CB47_2024"]
[SourceDate "2024.11.20"]
[SourceVersion "1"]
[SourceVersionDate "2024.11.20"]
[SourceQuality "1"]

1. e4 e5 2. Nf3 Nc6 3. Bb5 a6 4. Bc4 Nf6 5. 0-0 b5 6. Bb3 Bc5 7. c3 d6 8. d4 Bb6 9. h3 0-0 10. Re1 Bb7 11. a4 h6 12. Be3 exd4 13. cxd4 Na5 14. d5 Nxb3 15. Qxb3 c6 16. Nc3 Ba5 17. axb5 axb5 18. dxc6 Bxc6 19. Nd4 Bxc3 20. Qxc3 Bxe4 21. Nxb5 Qd7 22. Rxa8 Bxa8 23. Nd4 Qb7 24. f3 Rb8 25. Nf5 Qxb2 26. Qxb2 Rxb2 27. Ra1 Rb8 28. Nxd6 Bd5 29. Bd4 Kh7 30. Kf2 Kg6 31. Ra5 Ra8 32. Rxa8 Bxa8 33. g4 Nd5 34. Kg3 Ne7 35. f4 f6 36. h4 Kh7 37. Bc5 Ng8 38. f5 g5 39. Ne8 Bc6 40. Nc7 Kg7 41. Ne6+ Kh7 42. Bf8 gxh4+ 43. Kxh4 Be8 44. Ng7 Bf7 45. Nh5 Be8 46. Kg3 Bf7 47. Kf4 Be8 48. Bb4 Bf7 49. Ke3 Be8 50. Bc3 Ba4 51. Bxf6 Nxf6 52. Nxf6+ Kg7 53. Ne4 Kf7 54. Kf4 Bd1 55. Nf2 Be2 56. Kg3 Kf6 57. Kh4 h5 58. Kxh5 Bf1 1-0

[Event "Che CUB vs Kerala Blitz"]
[Site "Thiruvananthapuram"]
[Date "2023.11.18"]
[Round "7.4"]
[White "Miranda Mesa, Elier"]
[Black "Nimmy, A George"]
[Result "1-0"]
[WhiteElo "2490"]
[BlackElo "2129"]
[PlyCount "61"]
[EventDate "2023.11.18"]
[EventType "schev (blitz)"]
[EventRounds "8"]
[EventCountry "IND"]
[SourceTitle "CBM 217 Extra"]
[Source "ChessBase"]
[SourceDate "2024.01.31"]
[SourceVersion "1"]
[SourceVersionDate "2024.01.31"]
[SourceQuality "1"]
[WhiteTeam "Cuba"]
[BlackTeam "Kerala"]
[WhiteTeamCountry "CUB"]
[BlackTeamCountry "IND"]

1. e4 c5 2. Nc3 Nc6 3. Bb5 Nd4 4. Bc4 e6 5. Nge2 Nf6 6. 0-0 d5 7. exd5 exd5 8. Nxd5 Nxd5 9. Nxd4 cxd4 10. Qh5 Be6 11. Re1 Be7 12. Rxe6 Nf6 13. Qb5+ Qd7 14. Qxd7+ Kxd7 15. Re1 Rhf8 16. d3 Bb4 17. Re2 a6 18. Bg5 Rae8 19. Rxe8 Nxe8 20. a3 Ba5 21. b4 Bb6 22. Re1 f6 23. Bf4 Nd6 24. Bxd6 Kxd6 25. Re6+ Kc7 26. Re7+ Kc6 27. Rxg7 Re8 28. Kf1 h5 29. a4 Bd8 30. b5+ axb5 31. Bxb5+ 1-0

[Event "Che CUB vs Kerala Blitz"]
[Site "Thiruvananthapuram"]
[Date "2023.11.18"]
[Round "2.4"]
[White "Perez Garcia, Rodney Oscar"]
[Black "Nimmy, A George"]
[Result "0-1"]
[WhiteElo "2311"]
[BlackElo "2129"]
[PlyCount "68"]
[EventDate "2023.11.18"]
[EventType "schev (blitz)"]
[EventRounds "8"]
[EventCountry "IND"]
[SourceTitle "CBM 217 Extra"]
[Source "ChessBase"]
[SourceDate "2024.01.31"]
[SourceVersion "1"]
[SourceVersionDate "2024.01.31"]
[SourceQuality "1"]
[WhiteTeam "Cuba"]
[BlackTeam "Kerala"]
[WhiteTeamCountry "CUB"]
[BlackTeamCountry "IND"]

1. e4 c5 2. Nf3 d6 3. Bb5+ Nd7 4. d4 cxd4 5. Qxd4 e5 6. Qd3 Ngf6 7. c4 a6 8. Bxd7+ Bxd7 9. Bg5 b5 10. Nbd2 h6 11. Bxf6 Qxf6 12. 0-0 Be7 13. Rfd1 0-0 14. Nf1 bxc4 15. Qxc4 Rfc8 16. Qd3 Bg4 17. Ne3 Bxf3 18. Nd5 Qe6 19. Qxf3 Rab8 20. b3 Bg5 21. g3 Rc2 22. h4 Bd8 23. Qd3 Rc6 24. Rac1 Rbc8 25. Rxc6 Rxc6 26. Kg2 a5 27. Ne3 Bb6 28. Nc4 Bd4 29. Nxa5 Rc3 30. Qe2 d5 31. b4 dxe4 32. Qxe4 Qxa2 33. Qa8+ Kh7 34. Qf3 Rxf3 0-1

[Event "IND-ch (Women) 49th"]
[Site "Ahmedabad"]
[Date "2023.07.09"]
[Round "10"]
[White "Nimmy, A George"]
[Black "Soumya, Swaminathan"]
[Result "1/2-1/2"]
[WhiteElo "2151"]
[BlackElo "2273"]
[PlyCount "95"]
[EventDate "2023.06.30"]
[EventType "swiss"]
[EventRounds "11"]
[EventCountry "IND"]
[SourceTitle "CBM 215 Extra"]
[Source "ChessBase"]
[SourceDate "2023.09.30"]
[SourceVersion "1"]
[SourceVersionDate "2023.09.30"]
[SourceQuality "1"]

1. e4 c5 2. Nf3 Nc6 3. d4 cxd4 4. Nxd4 Nf6 5. Nc3 d6 6. Be2 e5 7. Nb3 Be7 8. 0-0 0-0 9. Kh1 a5 10. Be3 a4 11. Nd2 a3 12. Nc4 axb2 13. Rb1 b5 14. Nxb5 Rxa2 15. Ncxd6 Ba6 16. c4 Na5 17. f3 Qb8 18. Ba7 Qa8 19. Bb6 Qc6 20. Bxa5 Rxa5 21. Rxb2 g6 22. Qd2 Ra4 23. Nc3 Ra3 24. Ndb5 Bxb5 25. Nxb5 Ra6 26. Ra2 Rxa2 27. Qxa2 Ra8 28. Qb2 Qc5 29. Nc3 h5 30. Nd5 Nxd5 31. cxd5 Bd6 32. Qc1 Ra2 33. Qxc5 Bxc5 34. Bb5 Bd4 35. g3 Kf8 36. d6 Rb2 37. Ba4 Rb4 38. Bc6 Rb6 39. d7 Ke7 40. Ba4 Rb4 41. Bc6 g5 42. h3 f6 43. f4 gxf4 44. gxf4 Rc4 45. Bb5 Rb4 46. Bc6 Rc4 47. Bb5 Rb4 48. Bc6 1/2-1/2

[Event "IND-ch (Women) 49th"]
[Site "Ahmedabad"]
[Date "2023.07.03"]
[Round "4"]
[White "Nimmy, A George"]
[Black "Divyabharathi, Masanam"]
[Result "1-0"]
[WhiteElo "2151"]
[BlackElo "1585"]
[PlyCount "75"]
[EventDate "2023.06.30"]
[EventType "swiss"]
[EventRounds "11"]
[EventCountry "IND"]
[SourceTitle "CBM 215 Extra"]
[Source "ChessBase"]
[SourceDate "2023.09.30"]
[SourceVersion "1"]
[SourceVersionDate "2023.09.30"]
[SourceQuality "1"]

1. e4 e5 2. Nf3 Nc6 3. Bb5 a6 4. Ba4 Nf6 5. 0-0 Be7 6. Re1 b5 7. Bb3 d6 8. c3 0-0 9. h3 Na5 10. Bc2 c5 11. d4 Qc7 12. Nbd2 cxd4 13. cxd4 Nc6 14. Nb3 a5 15. Be3 a4 16. Nbd2 Nb4 17. Bb1 Bd7 18. a3 Na6 19. Bd3 Rfe8 20. Rc1 Qb8 21. Nf1 Bd8 22. Ng3 Qb7 23. b4 axb3 24. Qxb3 exd4 25. Bxd4 Rb8 26. Ng5 Be6 27. Nxe6 Rxe6 28. Rb1 Ba5 29. Rec1 Nc7 30. Bc4 Nxe4 31. Bxe6 fxe6 32. Rxc7 Qxc7 33. Qxe6+ Kh8 34. Qxe4 Qf7 35. Nf5 d5 36. Qg4 Qg6 37. Bxg7+ Kg8 38. Ne7+ 1-0

[Event "IND-ch (Women) 49th"]
[Site "Ahmedabad"]
[Date "2023.07.02"]
[Round "3"]
[White "Charvi, A."]
[Black "Nimmy, A George"]
[Result "1/2-1/2"]
[WhiteElo "1488"]
[BlackElo "2151"]
[PlyCount "80"]
[EventDate "2023.06.30"]
[EventType "swiss"]
[EventRounds "11"]
[EventCountry "IND"]
[SourceTitle "CBM 215 Extra"]
[Source "ChessBase"]
[SourceDate "2023.09.30"]
[SourceVersion "1"]
[SourceVersionDate "2023.09.30"]
[SourceQuality "1"]

1. e4 c5 2. Nf3 d6 3. d4 cxd4 4. Nxd4 Nf6 5. Nc3 Nc6 6. f3 e5 7. Nb3 Be7 8. Be3 0-0 9. Qd2 a5 10. Bb5 Na7 11. Bxa7 Rxa7 12. a4 Be6 13. 0-0 Qb6+ 14. Kh1 Rd8 15. Rad1 Raa8 16. Nd5 Nxd5 17. exd5 Bf5 18. Qf2 Qxf2 19. Rxf2 Bh4 20. g3 Bg5 21. h4 Be3 22. Re2 Bb6 23. g4 Bc8 24. c4 f6 25. Kg2 h5 26. gxh5 Bf5 27. Kh2 Kf7 28. Nd2 Bc2 29. Rde1 Bd3 30. Rg2 Bd4 31. Nb3 Bb6 32. Nc1 Bf5 33. Ne2 e4 34. f4 e3 35. Ng3 Bg4 36. Nf1 e2 37. Rxg4 exf1Q 38. Rxf1 Rac8 39. Rf3 Bd4 40. Rg2 f5 1/2-1/2

[Event "IND-ch (Women) 49th"]
[Site "Ahmedabad"]
[Date "2023.06.30"]
[Round "1"]
[White "Hanya, Shah"]
[Black "Nimmy, A George"]
[Result "0-1"]
[WhiteElo "1354"]
[BlackElo "2151"]
[PlyCount "100"]
[EventDate "2023.06.30"]
[EventType "swiss"]
[EventRounds "11"]
[EventCountry "IND"]
[SourceTitle "CBM 215 Extra"]
[Source "ChessBase"]
[SourceDate "2023.09.30"]
[SourceVersion "1"]
[SourceVersionDate "2023.09.30"]
[SourceQuality "1"]

1. d4 d5 2. e3 c5 3. c3 Nc6 4. Nf3 e6 5. Bd3 Nf6 6. Ne5 Nxe5 7. dxe5 Nd7 8. f4 c4 9. Bc2 b5 10. Qg4 g6 11. Nd2 Bb7 12. Nf3 Nc5 13. 0-0 Bg7 14. Nd4 a6 15. Qg3 Qc7 16. Qf3 Ne4 17. a4 Qb6 18. a5 Qc5 19. Qg4 0-0 20. b4 cxb3 21. Ba3 Qxc3 22. Bxe4 b2 23. Ra2 Qxe3+ 24. Kh1 Qxe4 25. Bxb2 Rac8 26. Qd1 Rc4 27. Ba1 Qe3 28. Bb2 Rfc8 29. Ra3 Qe4 30. Raf3 g5 31. fxg5 Bxe5 32. Re1 Rxd4 33. Bxd4 Qxd4 34. Qb1 Bg7 35. Rh3 Qb2 36. Qxh7+ Kf8 37. g6 Rc1 38. Qh4 Rxe1+ 39. Qxe1 d4 40. Rg3 Bd5 41. gxf7 d3 42. Qg1 Qa1 43. Rxd3 Qxg1+ 44. Kxg1 b4 45. h4 b3 46. h5 b2 47. Rd1 Be4 48. h6 Bxh6 49. Kf2 Kxf7 50. g4 Bc1 0-1

[Event "Budapest Vezerkepzo Pentecost IM1"]
[Site "Budapest"]
[Date "2023.05.25"]
[Round "8"]
[White "Nimmy, A George"]
[Black "Ojas, Kulkarni"]
[Result "1-0"]
[WhiteElo "2099"]
[BlackElo "2230"]
[PlyCount "83"]
[EventDate "2023.05.18"]
[EventType "tourn"]
[EventRounds "9"]
[EventCountry "HUN"]
[SourceTitle "CBM 214 Extra"]
[Source "ChessBase"]
[SourceDate "2023.07.31"]
[SourceVersion "1"]
[SourceVersionDate "2023.07.31"]
[SourceQuality "1"]

1. e4 c5 2. Nf3 d6 3. d4 cxd4 4. Nxd4 Nf6 5. Nc3 a6 6. Be2 e5 7. Nb3 Be7 8. 0-0 0-0 9. Be3 Nbd7 10. f4 b5 11. a3 Bb7 12. Bf3 Rc8 13. Qe1 Rc4 14. Nd2 Rc7 15. Qg3 Qa8 16. fxe5 Nxe5 17. Bd4 Nfd7 18. Kh1 Re8 19. Nd5 Bxd5 20. exd5 Rxc2 21. Bc3 Rc8 22. Ne4 f5 23. Bd1 R2xc3 24. Nxc3 g6 25. Bc2 Kh8 26. Bb3 Rc7 27. Ne2 Nc5 28. Nf4 Ne4 29. Qe1 Qa7 30. g3 Ng4 31. Rf3 Bf6 32. Ne6 Bxb2 33. Nxc7 Qxc7 34. Rb1 Bd4 35. Rc1 Qe7 36. Bc2 Nef2+ 37. Kg2 Ne3+ 38. Rxe3 Bxe3 39. Qc3+ Kg8 40. Re1 f4 41. gxf4 Ng4 42. Qc8+ 1-0

[Event "Budapest Vezerkepzo Pentecost IM1"]
[Site "Budapest"]
[Date "2023.05.24"]
[Round "7"]
[White "Nimmy, A George"]
[Black "To, Nhat Minh"]
[Result "1/2-1/2"]
[WhiteElo "2099"]
[BlackElo "2359"]
[PlyCount "95"]
[EventDate "2023.05.18"]
[EventType "tourn"]
[EventRounds "9"]
[EventCountry "HUN"]
[SourceTitle "CBM 214 Extra"]
[Source "ChessBase"]
[SourceDate "2023.07.31"]
[SourceVersion "1"]
[SourceVersionDate "2023.07.31"]
[SourceQuality "1"]

1. e4 e6 2. d4 d5 3. exd5 exd5 4. Bd3 Bd6 5. Nf3 Nf6 6. 0-0 0-0 7. Bg5 Bg4 8. Nbd2 Nbd7 9. c4 c6 10. c5 Bc7 11. b4 Bh5 12. a4 Re8 13. b5 Bg6 14. Bxg6 hxg6 15. Qb3 Nf8 16. Rfe1 Ne6 17. Bh4 Qd7 18. Bg3 Ba5 19. Qd3 Bxd2 20. Ne5 Bxe1 21. Nxd7 Nxd7 22. Rxe1 Nexc5 23. Qd1 Nxa4 24. bxc6 bxc6 25. f3 Rxe1+ 26. Qxe1 a5 27. Bc7 Nab6 28. Qb1 a4 29. Bxb6 Rb8 30. Qb4 Rxb6 31. Qxa4 Nf8 32. Qa8 g5 33. Qd8 Rb1+ 34. Kf2 Rb2+ 35. Kf1 f6 36. Qe8 Rc2 37. h3 Rc4 38. Kf2 Rxd4 39. Qxc6 Rd2+ 40. Kf1 Ng6 41. Qe8+ Kh7 42. g3 Rd4 43. Ke2 Rb4 44. Qf7 Rb2+ 45. Kf1 d4 46. Qd5 Rb1+ 47. Kf2 Rb2+ 48. Kf1 1/2-1/2

[Event "Budapest FS05 IM"]
[Site "Budapest"]
[Date "2023.05.15"]
[Round "8"]
[White "Liu, Zhaoqi"]
[Black "Nimmy, A George"]
[Result "1-0"]
[WhiteElo "2347"]
[BlackElo "2099"]
[PlyCount "65"]
[EventDate "2023.05.06"]
[EventType "tourn"]
[EventRounds "9"]
[EventCountry "HUN"]
[SourceTitle "CBM 214 Extra"]
[Source "ChessBase"]
[SourceDate "2023.07.31"]
[SourceVersion "1"]
[SourceVersionDate "2023.07.31"]
[SourceQuality "1"]

1. c4 e5 2. Nc3 Nf6 3. Nf3 Nc6 4. g3 d5 5. cxd5 Nxd5 6. Bg2 Be6 7. 0-0 Nb6 8. d3 Be7 9. a3 0-0 10. b4 f5 11. b5 Nd4 12. Nd2 c6 13. a4 f4 14. Bb2 Qd7 15. bxc6 bxc6 16. Nce4 Bh3 17. Bxd4 Bxg2 18. Kxg2 exd4 19. Nc4 Nd5 20. Qd2 h5 21. h3 Qf5 22. Kh2 Rab8 23. Rg1 Rb4 24. g4 hxg4 25. Rxg4 f3 26. Rag1 Rf7 27. Qh6 Bf8 28. Rh4 Rd7 29. Rg5 Qxg5 30. Qe6+ Rf7 31. Nxg5 Rbb7 32. Nxf7 Rxf7 33. Ne5 1-0